000
00295cam a22000977a 4500
008
180718b1998 xxu||||| |||| 00| 0 eng d
245
_a
Bhavishya ka dhram: vegyanik dharm (Hindi)
_c
edited by Brahmvarchas
260
_a
Mathura
_b
Akhand Jyoti Sansthan
_c
1998
300
_a
v.p.
700
_a
Brahmvarchas
999
_c
405904
_d
405904